Bài tập thực hành phục hồi ảnh cũ và thiết kế mẫu

Gespeichert in:
Bibliographische Detailangaben
1. Verfasser: Quang Hân
Format: Buch
Sprache:Undetermined
Veröffentlicht: Hà Nội Thống kê 2003
Schlagworte:
Tags: Tag hinzufügen
Keine Tags, Fügen Sie den ersten Tag hinzu!
Thư viện lưu trữ: Trung tâm Học liệu Trường Đại học Cần Thơ
LEADER 00602nam a2200205Ia 4500
001 CTU_60501
008 210402s9999 xx 000 0 und d
020 |c 45000 
082 |a 770.285 
082 |b Qu106 
100 |a Quang Hân 
245 0 |a Bài tập thực hành phục hồi ảnh cũ và thiết kế mẫu 
245 0 |c Quang Hân, Quang Hoa 
260 |a Hà Nội 
260 |b Thống kê 
260 |c 2003 
650 |a Photographs 
650 |x Conservation and restoration 
904 |i Minh,Hải 
980 |a Trung tâm Học liệu Trường Đại học Cần Thơ